Statistics for Charles Boyer Filmography

Click here to take the quiz!

General Stats

  • This quiz has been taken 2 times
  • The average score is 43 of 120

Answer Stats

TypeYearName% Correct
Film1938Algiers
100%
Film1937Conquest
100%
Film1961Fanny
100%
Film1944Gaslight
100%
Film1966How to Steal a Million
100%
Film1966Is Paris Burning?
100%
Film1962Adorable Julia
50%
Film1940All This, and Heaven Too
50%
Film1976A Matter of Time
50%
Film1941Appointment for Love
50%
Film1948Arch of Triumph
50%
Film1956Around the World in 80 Days
50%
Film1965A Very Special Favor
50%
Film1948A Woman's Vengeance
50%
Film1941Back Street
50%
Film1967Barefoot in the Park
50%
Film1953Boum sur Paris
50%
Film1935Break of Hearts
50%
Film1929Captain Fracasse
50%
Film1967Casino Royale
50%
Film1921Chantelouve
50%
Film1946Cluny Brown
50%
Film1945Confidential Agent
50%
Film1922Esclave
50%
Film1943Flesh and Fantasy
50%
Film1933F.P.1 Doesn't Answer
50%
Film1937History Is Made at Night
50%
Film1941Hold Back the Dawn
50%
Film1967Hot Line
50%
Unfinished Film1936I Loved a Soldier
50%
Film1928Infernal Circle
50%
Film1957It Happened on the 36 Candles
50%
Film1930La Barcarolle D'Amour
50%
Film1933La Bataille
50%
Film1957La Parisienne
50%
Film1934Le Bonheur
50%
Film1939Le Corsaire
50%
Film1922Le Grillon du Foyer
50%
Film1934Liliom
50%
Film1973Lost Horizon
50%
Film1939Love Affair
50%
Film1963Love Is a Ball
50%
Film1956Lucky to Be a Woman
50%
Film1920Man of the Sea
50%
Film1958Maxime
50%
Film1936Mayerling
50%
Film1955Nana
50%
Film1938Orage
50%
Film1956Paris, Palace Hôtel
50%
Film1935Private Worlds
50%
Film1932Red-Headed Woman
50%
Film1935Shanghai
50%
Film1974Stavisky
50%
Film1942Tales of Manhattan
50%
Film1951The 13th Letter
50%
Film1969The April Fools
50%
Film1934The Battle
50%
Film1946The Battle of the Rails
50%
Film1958The Buccaneer
50%
Film1955The Cobweb
50%
Film1943The Constant Nymph
50%
Film1953The Earrings of Madame de...
50%
Film1933The Empress and I
50%
Documentary1944The Fighting Lady
50%
Film1951The First Legion
50%
Film1962The Four Horsemen of the Apocalypse
50%
Film1936The Garden of Allah
50%
Film1952The Happy Time
50%
Film1943The Heart of a Nation
50%
Film1969The Madwoman of Chaillot
50%
Film1931The Magnificent Lie
50%
Film1932The Man from Yesterday
50%
Film1933The Only Girl
50%
Film1933The Sparrowhawk
50%
Film1931The Trial of Mary Dugan
50%
Film1951Thunder in the East
50%
Film1944Together Again
50%
Film1937Tovarich
50%
Film1932Tumultes
50%
Film1939When Tomorrow Comes
50%
Short Documentary19551955 Motion Picture Theatre Celebration
0%
TV Documentary1964A Golden Prison: The Louvre
0%
TV Show1957, 1958Alcoa Theatre
0%
TV Documentary1957A Private Little Party for a Few Chums
0%
TV Show1953Charles Boyer Theater
0%
TV Show1956Climax!
0%
Short Film1945Congo
0%
Film1961Demons at Midnight
0%
Theater1951-1952Don Juan in Hell
0%
TV Show1952-1956Four Star Playhouse
0%
TV Show1957-1958Goodyear Theatre
0%
TV Show1957Hallmark Hall of Fame
0%
Short Documentary1938Hollywood Goes to Town
0%
TV Show1956I Love Lucy
0%
Theater1953-1954Kind Sir
0%
Short Documentary1943Les Îles de la Liberté
0%
Theater1962-1963Lord Pengo
0%
Radio Series1941, 1942, 1946, 1947Lux Radio Theater
0%
Theater1963Man and Boy
0%
Short Documentary1949On Stage!
0%
TV Show1950Perry Como's Kraft Music Hall
0%
TV Show1957Playhouse 90
0%
Theater1948-1949Red Gloves
0%
Radio Series1947Screen Guild Theater
0%
Radio Special1945Special V-E Day Broadcast
0%
TV Show1966The Bell Telephone Hour
0%
TV Show1950The Bob Hope Show
0%
Radio Series1943The Burns & Allen Show
0%
Short Documentary1937The Candid Camera Story (Very Candid) of the Metro-Goldwyn-Mayer Pictures 1937 Convention
0%
TV Show1962-1963The Dick Powell Show
0%
TV Show1960The Dinah Shore Chevy Show
0%
TV Show1953The Ed Sullivan Show
0%
TV Show1953The Jackie Gleason Show
0%
Theater1958-1960The Marriage-Go-Round
0%
TV Show1969The Name of the Game
0%
TV Show1950The Peter Lind Hayes Show
0%
TV Film1957There Shall Be No Night
0%
TV Show1964-1965The Rogues
0%
TV Show1953Toast of the Town
0%
TV Show1957-1963What's My Line?
0%

Score Distribution

Percentile by Number Answered

Percent of People with Each Score

Your Score History

You have not taken this quiz